书目信息 |
| 题名: |
采煤学
|
|
| 作者: | 曹树刚 , 勾攀峰 主编 | |
| 分册: | ||
| 出版信息: | 北京 煤炭工业出版社 2012.4 |
|
| 页数: | 390页 | |
| 开本: | 26cm | |
| 丛书名: | ||
| 单 册: | ||
| 中图分类: | TD82 | |
| 科图分类: | ||
| 主题词: | 地下采煤--基础知识 | |
| 电子资源: | ||
| ISBN: | 978-7-5020-3979-0 | |
| 000 | 01013nam0 2200253 45 | |
| 001 | 1354538202 | |
| 005 | 20130510093257.06 | |
| 010 | @a978-7-5020-3979-0@dCNY30.00 | |
| 100 | @a20130108d2012 em y0chiy50 ea | |
| 101 | 0 | @achi |
| 102 | @aCN@b110000 | |
| 105 | @aa z 000yy | |
| 106 | @ar | |
| 200 | 1 | @a采煤学@ACai Mei Xue@e地下开采部分@EDi Xia Kai Cai Bu Fen@f曹树刚,勾攀峰主编@FCao Shu Gang, Gou Pan Feng Zhu Bian |
| 210 | @a北京@c煤炭工业出版社@d2012.4 | |
| 215 | @a390页@c图@d26cm | |
| 330 | @a本书系统、全面地阐述了煤炭地下开采的基本原理和方法,包括矿井开拓、采矿方法和回采工艺、采(盘、带)区巷道布置等三大部分的基本知识内容。同时,纳入了国内外最新的应用技术成果和国家、行业最新的有关技术政策规定,总结了矿井开拓、开采技术的发展趋势。 | |
| 517 | 1 | @a地下开采部分@ADi Xia Kai Cai Bu Fen |
| 606 | 0 | @a地下采煤@x基础知识 |
| 690 | @aTD82@v5 | |
| 701 | 0 | @a曹树刚@ACao Shu Gang@4主编 |
| 701 | 0 | @a勾攀峰@AGou Pan Feng@4主编 |
| 801 | @aCN@bTANGWEI@c20130109 | |
| 905 | @b0830725-27@dTD82@e21@f3 | |
| 采煤学:地下开采部分/曹树刚,勾攀峰主编.-北京:煤炭工业出版社,2012.4 |
| 390页:图;26cm |
| ISBN 978-7-5020-3979-0:CNY30.00 |
| 本书系统、全面地阐述了煤炭地下开采的基本原理和方法,包括矿井开拓、采矿方法和回采工艺、采(盘、带)区巷道布置等三大部分的基本知识内容。同时,纳入了国内外最新的应用技术成果和国家、行业最新的有关技术政策规定,总结了矿井开拓、开采技术的发展趋势。 |
| ● |
| 相关链接 |
|
|
|
|
正题名:采煤学
索取号:TD82/21
 
预约/预借
| 序号 | 登录号 | 条形码 | 馆藏地/架位号 | 状态 | 备注 |
| 1 | 0830725 | 208307250 | 第二样本阅览室/ [索取号:TD82/21] | 在馆 | |
| 2 | 0830726 | 208307269 | 第三借阅区/ [索取号:TD82/21] | 在馆 | |
| 3 | 0830727 | 208307278 | 密集书库-化学系/ [索取号:TD82/21] | 在馆 |